The ultimate guide to the LLB entrance examination 2018 / (Record no. 149904)

MARC details
000 -LEADER
fixed length control field 00706nam a22002057a 4500
005 - DATE AND TIME OF LATEST TRANSACTION
control field 20180215151558.0
010 ## - LCCN (DPL NO)
LC control number ENG-122256
020 ## - INTERNATIONAL STANDARD BOOK NUMBER
International Standard Book Number 9788131253908
Terms of availability 745.00
035 ## - SYSTEM CONTROL NUMBER
System control number EN-105788
037 ## - SOURCE OF ACQUISITION
Source of stock number/acquisition DBAD/PUB
082 ## - DEWEY DECIMAL CLASSIFICATION NUMBER
Classification number 340
Edition number 10th ed.
100 ## - MAIN ENTRY--PERSONAL NAME
Personal name Rashid, M A
245 ## - TITLE STATEMENT
Title The ultimate guide to the LLB entrance examination 2018 /
Statement of responsibility, etc by M A Rashid [and] Nisa Fasil
250 ## - EDITION STATEMENT
Edition statement 10th ed
260 ## - PUBLICATION, DISTRIBUTION, ETC. (IMPRINT)
Place of publication, distribution, etc Gurgaon
Name of publisher, distributor, etc LexisNexis
Date of publication, distribution, etc 2018
270 ## - ADDRESS
Address 14th floor, Building No 10, Tower-B, DLF cyber city, Phase-II
City Gurgaon
Postal code 122002
Electronic mail address help.in@lexisnexis.com
Telephone number +91 1244774444
Fax number +91 1244774100
300 ## - PHYSICAL DESCRIPTION
Extent xxiii1033p.
Dimensions 25cm(pbk)
700 ## - ADDED ENTRY--PERSONAL NAME
Personal name Nisa Fasil
942 ## - ADDED ENTRY ELEMENTS (KOHA)
Source of classification or shelving scheme Dewey Decimal Classification
Item type English Books
Classification part 340
Call number suffix RAS
Holdings
Withdrawn status Lost status Not for loan Collection code Home library Current library Date acquired Source of acquisition Cost, normal purchase price Full call number Barcode Copy number Cost, replacement price Koha item type
      Non-fiction Central Library Central Library 12/02/2018 DBAD/PUB 745.00 340 RAS EN-105788 1 745.00 English Books

© Delhi Public Library
Hit Counter
free hit counter